<?xml version="1.0" encoding="UTF-8"?>
<record
    xmlns:xsi="http://www.w3.org/2001/XMLSchema-instance"
    xsi:schemaLocation="http://www.loc.gov/MARC21/slim http://www.loc.gov/standards/marcxml/schema/MARC21slim.xsd"
    xmlns="http://www.loc.gov/MARC21/slim">

  <leader>01873nam a22002057a 4500</leader>
  <controlfield tag="005">20260117102428.0</controlfield>
  <controlfield tag="008">260117b        |||||||| |||| 00| 0 eng d</controlfield>
  <datafield tag="020" ind1=" " ind2=" ">
    <subfield code="a">9780143479857</subfield>
  </datafield>
  <datafield tag="040" ind1=" " ind2=" ">
    <subfield code="c">AL</subfield>
  </datafield>
  <datafield tag="041" ind1=" " ind2=" ">
    <subfield code="a">English</subfield>
  </datafield>
  <datafield tag="082" ind1=" " ind2=" ">
    <subfield code="a">920</subfield>
    <subfield code="b">BHAD</subfield>
  </datafield>
  <datafield tag="100" ind1=" " ind2=" ">
    <subfield code="a">Harish Bhat</subfield>
    <subfield code="9">251577</subfield>
  </datafield>
  <datafield tag="245" ind1=" " ind2=" ">
    <subfield code="a">Doing the right thing learnings from Ratan Tata</subfield>
  </datafield>
  <datafield tag="260" ind1=" " ind2=" ">
    <subfield code="a">Haryana</subfield>
    <subfield code="b">Penguin random house Pvt Ltd</subfield>
    <subfield code="c">2025</subfield>
  </datafield>
  <datafield tag="300" ind1=" " ind2=" ">
    <subfield code="a">269 p.</subfield>
    <subfield code="b">HB</subfield>
    <subfield code="c">22x14 cm.</subfield>
  </datafield>
  <datafield tag="365" ind1=" " ind2=" ">
    <subfield code="a">KSCR-000703</subfield>
    <subfield code="b">&#x20B9;639.00</subfield>
    <subfield code="c">&#x20B9;</subfield>
    <subfield code="d">&#x20B9;799.00</subfield>
    <subfield code="e">20%</subfield>
    <subfield code="f">13-01-2026</subfield>
  </datafield>
  <datafield tag="520" ind1=" " ind2=" ">
    <subfield code="a">Ratan Tata was an iconic leader who shaped the Indian industry. He inspired an entire generation. When he passed away in 2024, millions of Indians felt a sense of deep personal loss.
In this unique and engaging book, Harish Bhat, bestselling author and a Tata veteran, explores what lay at the heart of Ratan Tata&#x2019;s extraordinary leadership. His steadfast desire to always &#x2018;do the right thing&#x2019; appears to have shaped his thinking and actions. But what exactly does this mean?
In these pages, through inspiring real-life stories drawn from Ratan Tata&#x2019;s long career, this strong belief comes to life vividly. Why did he decide to create the Tata Indica? Why did he say: &#x2018;A promise is a promise&#x2019;? What led him to walk away from a large business opportunity for Tata Chemicals? Why did he telephone the managing director of Tata Steel a second time? How did he ensure fairness to everyone during a process of divestment? Why and how did he lead the fight against cancer? How did he respond to the 26/11 terror attacks in Mumbai?
This book is full of such fascinating and many untold Ratan Tata stories. Through these compelling narratives and the lessons they hold, this powerful book will guide you towards &#x2018;doing the right thing&#x2019; in your own life.</subfield>
  </datafield>
  <datafield tag="650" ind1=" " ind2=" ">
    <subfield code="a">Leadership, Life Lessons and Vision</subfield>
    <subfield code="9">251578</subfield>
  </datafield>
  <datafield tag="942" ind1=" " ind2=" ">
    <subfield code="2">ddc</subfield>
    <subfield code="c">BK</subfield>
  </datafield>
  <datafield tag="999" ind1=" " ind2=" ">
    <subfield code="c">240773</subfield>
    <subfield code="d">240773</subfield>
  </datafield>
  <datafield tag="952" ind1=" " ind2=" ">
    <subfield code="0">0</subfield>
    <subfield code="1">0</subfield>
    <subfield code="2">ddc</subfield>
    <subfield code="4">0</subfield>
    <subfield code="7">0</subfield>
    <subfield code="8">MAN</subfield>
    <subfield code="a">AL</subfield>
    <subfield code="b">AL</subfield>
    <subfield code="c">SK</subfield>
    <subfield code="d">2026-01-14</subfield>
    <subfield code="e">Navakarnataka Publications Pvt Ltd Mangaluru-575001</subfield>
    <subfield code="g">639.00</subfield>
    <subfield code="l">0</subfield>
    <subfield code="o">920 BHAD</subfield>
    <subfield code="p">078034</subfield>
    <subfield code="r">2026-01-17 10:26:40</subfield>
    <subfield code="v">799.00</subfield>
    <subfield code="w">2026-01-13</subfield>
    <subfield code="y">BK</subfield>
  </datafield>
</record>
